SCP jasne aj pod košmi druhého tímu 1. liga basketbalistiek - o 1.-4. miesto (20. kolo) a o 5.-10. miesto (21. kolo)

Bibliographic Details
Format: Article
Language:Slovak
Subjects:

MARC

LEADER 00000nab a2200000 a 4500
001 vtls000714589
003 SK-MaSNL
005 20260302194709.0
008 180206c2000 xo 0 slo
015 |a SNBRB2000/03-07489 
035 |a CLN000066756 
040 |a SNKBUCL  |b slo  |c SNKBUCL  |e AACR2 
041 0 |a slo 
044 |a xo  |c SK 
080 |a 796.323.093.1  |2 UDC-MRF-SK2 
245 0 0 |a SCP jasne aj pod košmi druhého tímu  |b 1. liga basketbalistiek - o 1.-4. miesto (20. kolo) a o 5.-10. miesto (21. kolo) 
650 0 7 |a basketbal  |x ženy  |x liga 1.  |y sezóna 1999/2000  |x kolo 20. a 21.  |2 snkbucl  |9 915197 
655 7 |a články z novín a časopisov  |2 snkbucl  |9 267496 
773 0 |t Šport  |g Roč. 54, č. 42 (21.2.2000), s. 20 
850 |a Slovenská národná knižnica v Martine 
852 |a SNK  |b KIS3GCP 
958 |a RBX 
999 |c 1449549  |d 1451479